Stati per confine terrestre - America del Nord - Statistics

Statistiche generali
  • Questo quiz è stato fatto 19 volte
    12 dall'ultimo reset
  • Il punteggio medio è 9 su 10
Statistiche sulle risposte
Confini totali (km) Nazione % Corretto
8 894 Canada
100%
4 355 Messico
100%
12 034 Stati Uniti
100%
639 Costa Rica
91%
555 Panama
91%
516 Belize
82%
545 El Salvador
82%
1 687 Guatemala
82%
1 520 Honduras
82%
1 231 Nicaragua
82%
Nessun quiz corrispondente trovato
Distribuzione punteggi
Percentuale di utenti per punteggio
Percentile per numero di risposta
I tuoi punteggi nel tempo
Non hai fatto questo quiz dall'ultimo reset